000 00732nam a2200241 a 4500
008
020 _a0582444985 (pbk.)
049 _aMAIN
090 _aQC174.12
_bBRA
100 1 _aBransden, Brian Harold.
245 1 0 _aIntroduction to quantum mechanics /
_cB.H. Bransden and C.J. Joachain.
260 _aEssex, England :
_bLongman Scientific and Technical,
_c1989.
300 _axii, 707 p. ;
_c23 cm.
504 _aIncludes bibliographical references.
500 _aIncludes index.
650 0 _aQuantum theory.
700 1 _aJoachain, C.J.
907 _a.b10041758
_b16-04-12
_c17-04-03
003
005 20230123133918.0
040 _cNUST
942 _cBOOKS
_kQC174.12
_mBRA
999 _c156745
_d156745